OPAC | Catalogo Arcigay delle biblioteche LGBTQIA+

Il Catalogo di Arcigay delle Biblioteche LGBTQIA+ è un servizio fornito grazie alla collaborazione tra Arcigay nazionale e le associazioni locali aderenti al progetto che conservano e rendono pubbliche biblioteche a tema LGBTQIA+.

L'eta incerta : (Record no. 20436)

MARC details
000 -LEADER
campo di controllo lung. fissa 01064nam a22002657i 4500
001 - Numero di controllo
campo di controllo IT\ICCU\RAV\0003752
003 - Identificatore del numero di controllo
campo di controllo ItRI
005 - Data e orario dell'ultima transazione
campo di controllo 20260115232318.0
008 - Elementi di lunghezza fissa--Informazione generale
campo di controllo lung. fissa 860314s1966 it |||||| ||||| |||||c
040 ## - Fonte della catalogazione
Lingua della catalogazione ita
Agenzia che fa la trascrizione importazione bologna sebina
041 #7 - Codice di lingua
Codice di lingua del testo/traccia sonora o titolo separato ita
Fonte del codice ISO-639-2
100 1# - Accesso principale -- nome di persona
Nome di persona Hartley, L. P.
Numero del record di authority o numero standard IT\ICCU\UMCV\258460
Relazione: aut
240 14 - Titolo uniforme
Titolo uniforme The go-between
-- IT\ICCU\LO1\1411524
9 (RLIN) Hartley, L. P.
245 12 - Formulazione del titolo
Titolo L'eta incerta :
Complemento del titolo romanzo /
Formulazione di responsabilità, ecc. L. P. Hartley.
260 ## - Pubblicazione, distribuzione, ecc. (stampa)
Luogo di pubblicazione, distribuzione, ecc. Milano :
Nome dell'editore, distributore, ecc. Garzanti,
Data di pubblicazione, distribuzione, ecc. 1966
300 ## - Descrizione fisica
Estensione 300 p. ;
Dimensioni 20 cm
500 ## - Nota generale
Nota generale Trad. dall'inglese di Giorgio Monicelli.
700 1# - Accesso aggiunto--nome di persona
Nome di persona Monicelli, Giorgio
Numero del record di authority o numero standard IT\ICCU\CFIV\037675
790 1# -
-- Dalloro, Patrick
-- IT\ICCU\RAVV\697893
-- Monicelli, Giorgio
790 1# -
-- Dalloro, Patrizio
-- (pseudonimo di Monicelli, Giorgio)
-- IT\ICCU\RAVV\697894
-- Monicelli, Giorgio
790 1# -
-- Arno, Tom
-- IT\ICCU\RAVV\697895
-- Monicelli, Giorgio
790 1# -
-- Hartley, Leslie Poles
-- IT\ICCU\CFIV\153007
-- Hartley, L. P.
790 1# -
-- Hartley, Leslie P.
-- IT\ICCU\LO1V\394541
-- Hartley, L. P.
942 ## - Dati aggiuntivi (Koha)
Fonte della classificazione o dello schema di collocazione (segnatura) Classificazione decimale Dewey
Tipo copia default (Koha) Libri
Nasconto in Opac No
Holdings
Status ritirato Status smarrito: Status danneggiato: Escluso dal prestito Biblioteca di appartenenza Biblioteca corrente Data di acquisti Numero d'inventario Totale prestiti Collocazione Codice a barre Data ultima revisione Prezzo effettivo da Tipo copia default (Koha) Nota pubblica
        BOLOGNA | Centro di Documentazione "Flavia Madaschi" Cassero LGBTQIA+ Center BOLOGNA | Centro di Documentazione "Flavia Madaschi" Cassero LGBTQIA+ Center 15/01/2026 2587   DOC 823 HAR BO2587 15/01/2026 15/01/2026 Libri 1 v.
Se cerchi informazioni su Arcigay, le puoi trovare nel nostro sito: www.arcigay.it